| Tag |
First Indicator |
Second Indicator |
Subfields |
| LEADER |
00000cam a2200000 4500 |
| 001 |
in00000032815 |
| 005 |
20151007063227.0 |
| 008 |
750326s1947 nyu 00011 eng u |
| 010 |
|
|
|a 47000294
|
| 035 |
|
|
|a (OCoLC)01238570
|
| 035 |
|
|
|9 AAD6860AM
|
| 040 |
|
|
|c OUN
|d TXA
|d UtOrBLW
|
| 049 |
|
|
|a TXAM
|c [158878]
|
| 050 |
|
0 |
|a PZ3.C1193
|b Bu
|
| 090 |
|
|
|a PS3505.A3113
|b B88 1947
|
| 092 |
|
|
|a 813
|b C135b
|
| 100 |
1 |
|
|a Cain, James M.
|q (James Mallahan),
|d 1892-1977.
|
| 245 |
1 |
4 |
|a The butterfly /
|c [by] James M. Cain.
|
| 250 |
|
|
|a 1st ed.
|
| 264 |
|
1 |
|a New York :
|b A. A. Knopf,
|c 1947.
|
| 300 |
|
|
|a xvi, 1 unnumbered page, 165 pages, 1 . ;
|c 19 cm.
|
| 336 |
|
|
|a text
|b txt
|2 rdacontent
|
| 337 |
|
|
|a unmediated
|b n
|2 rdamedia
|
| 338 |
|
|
|a volume
|b nc
|2 rdacarrier
|
| 999 |
|
|
|a MARS
|
| 999 |
f |
f |
|s 4e70e8e1-30d8-35aa-86f5-176cb53d091d
|i aaa01963-eaaa-3f20-b5aa-97dee9e02ee9
|t 0
|
| 952 |
f |
f |
|p ric
|a Texas A&M University
|b Rellis Campus
|c Joint Library Facility
|d Remote Storage
|t 0
|e PS3505.A3113 B88 1947
|h Library of Congress classification
|i unmediated -- volume
|m A14801231059
|
| 998 |
f |
f |
|a PS3505.A3113 B88 1947
|t 0
|l Remote Storage
|